Normal view MARC view
  • Islamic leadership

Entry Topical Term

Number of records used in: 1

001 - CONTROL NUMBER

  • control field: 134209

003 - CONTROL NUMBER IDENTIFIER

  • control field: NUST

005 - DATE AND TIME OF LATEST TRANSACTION

  • control field: 20260418104132.0

008 - FIXED-LENGTH DATA ELEMENTS

  • fixed length control field: 260418|| aca||aabn | a|a d

040 ## - CATALOGING SOURCE

  • Original cataloging agency: NUST
  • Transcribing agency: NUST

150 ## - HEADING--TOPICAL TERM

  • Topical term or geographic name entry element: Islamic leadership

670 ## - SOURCE DATA FOUND

  • Source citation: Work cat.: (NUST): Khan, Naweed Akbar 134172, The divine connection: a strategic pathway to Islamic leadership /, 2026.
© 2023 Central Library, National University of Sciences and Technology. All Rights Reserved.